Curso superior de sintaxis española

Guardat en:
Dades bibliogràfiques
Autor principal: Gili y Gaya, Samuel
Format: Llibre
Idioma:Undetermined
Publicat: Barcelona Bibliograf 1978
Edició:12
Matèries:
Etiquetes: Afegir etiqueta
Sense etiquetes, Sigues el primer a etiquetar aquest registre!

MARC

LEADER 00000nam a2200000Ia 4500
008 170316s9999 xx 000 0 und d
090 |a 415-E G-5c 
100 |a Gili y Gaya, Samuel 
245 |a Curso superior de sintaxis española 
250 |a 12 
260 |a Barcelona 
260 |b Bibliograf 
260 |c 1978 
300 |a 347 páginas 
650 |a GRAMÁTICA ESPAÑOLA 
999 |c 18962  |d 18962 
040 |a cru BVZT 
942 |c 15 D  |h 415-E G-5c  |2 z